El crimen mediático: Por qué nos fascinan las noticias de sucesos (Registro nro. 12704)
[ vista simple ]
| 000 -Cabecera | |
|---|---|
| Campo de control de longitud fija | 00785nam a22002897a 4500 |
| 005 - Fecha y hora de la última transacción | |
| Campo de control | 20260213154741.0 |
| 008 - Elementos de longitud fija--Información general | |
| Campo de control de longitud fija | 200902b2019 xxu||||| |||| 00| 0 spa d |
| 020 ## - International Standard Book Number | |
| Número Internacional Estándar del Libro (ISBN) | 9788416842469 |
| 041 ## - Idioma | |
| Código de idioma | Español |
| 082 ## - Clasificación Decimal Dewey | |
| Número de clasificación | 364 C825c |
| 100 ## - Entrada principal--Autor personal | |
| Nombre personal | Corroto, Paula |
| 9 (RLIN) | 58280 |
| 245 ## - Título propiamente dicho | |
| Título | El crimen mediático: Por qué nos fascinan las noticias de sucesos |
| 260 ## - Pie de imprenta | |
| Lugar de publicación, distribución, etc. | España |
| 260 ## - Pie de imprenta | |
| Nombre del editor, distribuidor, etc. | Akal |
| 260 ## - Pie de imprenta | |
| Fecha de publicación, distribución, etc. | 2019 |
| 300 ## - Descripción física | |
| Extensión | 157 páginas |
| 490 ## - Serie | |
| Título de la Serie | Investigación Criminal |
| 650 ## - Materia general | |
| Temática (materia general) | INVESTIGACIÓN CRIMINAL |
| 650 ## - Materia general | |
| Temática (materia general) | CRIMEN MEDIÁTICO |
| 650 ## - Materia general | |
| Temática (materia general) | CONSECUENCIAS EN LOS MEDIOS |
| 650 ## - Materia general | |
| Temática (materia general) | TRAGEDIA DE UNA PANDILLA |
| 650 ## - Materia general | |
| Temática (materia general) | CRIMEN |
| 650 ## - Materia general | |
| Temática (materia general) | PROTAGONISMO EN REDES SOCIALES |
| 650 ## - Materia general | |
| Temática (materia general) | SUCESOS |
| 650 ## - Materia general | |
| Temática (materia general) | HISTORIAS DE VICTIMAS |
| 942 ## - Punto de acceso adicional KOHA | |
| Tipo de ítem KOHA | Libro |
| Fuente del sistema de clasificación o colocación | Dewey Decimal Classification |
| Signatura completa | Código de barras | Programa Académico | Tipo de ítem |
|---|---|---|---|
| 364 C825c | 25040 | Investigación Criminal | Libro |